| 000 | 00484nam a2200181Ia 4500 | ||
|---|---|---|---|
| 999 |
_c27662 _d27662 |
||
| 003 | OSt | ||
| 005 | 20210107105711.0 | ||
| 008 | 190216s9999||||xx |||||||||||||| ||und|| | ||
| 040 | _coclc | ||
| 082 |
_a894.812301 _bPAD/G |
||
| 100 |
_aPadmanabhan, T _97032 |
||
| 245 | 0 |
_aGowri / _cT Padmanabhan |
|
| 250 | _a1st Ed. | ||
| 260 |
_bDc Books, _aKottayam: _c1997. |
||
| 300 | _a115p | ||
| 650 | _aNovel | ||
| 942 |
_cBK _2ddc _h894.812301 _iPAD/G _k894.812301 _mPAD/G |
||